Statistics for Japanese Baseball Terms

Click here to take the quiz!

General Stats

  • This quiz has been taken 22 times
  • The average score is 12 of 20

Answer Stats

JapaneseEnglish% Correct
YakyūBaseball
93%
HōmuranHome run
93%
AutoOut
80%
Daburu pureiDouble play
73%
SutorētoFour-seam fastball
73%
RainappuLineup
73%
FeaFair
67%
AndaHit
67%
SanshinStrikeout
67%
SayonaraWalk-off
60%
Wairudo picchiWild pitch
60%
ĒsuAce pitcher
53%
KābuCurveball
53%
Deddo bōruHit by pitch
53%
FāsutoFirst baseman
40%
TaimurīRun batted in
40%
TsūshīmuTwo-seam fastball
40%
BōkuBalk
33%
Abekku danBack-to-back home run
20%
Rakkī sebunSeventh-inning stretch
13%

Score Distribution

Percentile by Number Answered

Percent of People with Each Score

Your Score History

You have not taken this quiz